<?xml version="1.0" encoding="UTF-8"?>
<record
    xmlns:xsi="http://www.w3.org/2001/XMLSchema-instance"
    xsi:schemaLocation="http://www.loc.gov/MARC21/slim http://www.loc.gov/standards/marcxml/schema/MARC21slim.xsd"
    xmlns="http://www.loc.gov/MARC21/slim">

  <leader>00761nam a22001577a 4500</leader>
  <controlfield tag="003">OSt</controlfield>
  <controlfield tag="005">20150929095505.0</controlfield>
  <controlfield tag="008">150929b        xxu||||| |||| 00| 0 eng d</controlfield>
  <datafield tag="040" ind1=" " ind2=" ">
    <subfield code="c">RUA</subfield>
  </datafield>
  <datafield tag="082" ind1=" " ind2=" ">
    <subfield code="a">AGR CHA 2010 B064 Or.1</subfield>
  </datafield>
  <datafield tag="100" ind1=" " ind2=" ">
    <subfield code="9">1547</subfield>
    <subfield code="a">KONG, CHANDAVY.</subfield>
  </datafield>
  <datafield tag="245" ind1=" " ind2=" ">
    <subfield code="a">etide sur l'occurence de noeud de racine nematode (meloidogyne spp.) sur leriz et legume au district saang dans la province kandal ( &#x1780;&#x17B6;&#x179A;&#x179F;&#x17B7;&#x1780;&#x17D2;&#x179F;&#x17B6;&#x1796;&#x17B8;&#x179C;&#x178F;&#x17D2;&#x178F;&#x1798;&#x17B6;&#x1793;&#x1780;&#x17C6;&#x1796;&#x1780;&#x17AC;&#x179F;&#x178E;&#x17C1;&#x1798;&#x17C9;&#x17B6;&#x178F;&#x17BC;&#x178F; (meloidogyne spp.) &#x179B;&#x17BE;&#x178A;&#x17C6;&#x178E;&#x17B6;&#x17C6;&#x179F;&#x17D2;&#x179A;&#x17BC;&#x179C; &#x1793;&#x17B7;&#x1784;&#x200B; &#x1794;&#x1793;&#x17D2;&#x179B;&#x17C2;&#x1780;&#x17D2;&#x1793;&#x17BB;&#x1784;&#x179F;&#x17D2;&#x179A;&#x17BB;&#x1780;&#x179F;&#x17D2;&#x17A2;&#x17B6;&#x1784; &#x1781;&#x17C1;&#x178F;&#x17D2;&#x178F;&#x1780;&#x178E;&#x17D2;&#x178F;&#x17B6;&#x179B;)</subfield>
  </datafield>
  <datafield tag="260" ind1=" " ind2=" ">
    <subfield code="a">Phnom Penh</subfield>
    <subfield code="b">RUA</subfield>
    <subfield code="c">2010</subfield>
  </datafield>
  <datafield tag="300" ind1=" " ind2=" ">
    <subfield code="a">vii, 40p.</subfield>
    <subfield code="b">ill.</subfield>
    <subfield code="c">29cm.</subfield>
  </datafield>
  <datafield tag="942" ind1=" " ind2=" ">
    <subfield code="2">ddc</subfield>
    <subfield code="c">AGR</subfield>
  </datafield>
  <datafield tag="999" ind1=" " ind2=" ">
    <subfield code="c">1455</subfield>
    <subfield code="d">1455</subfield>
  </datafield>
  <datafield tag="952" ind1=" " ind2=" ">
    <subfield code="0">0</subfield>
    <subfield code="1">0</subfield>
    <subfield code="2">ddc</subfield>
    <subfield code="4">0</subfield>
    <subfield code="6">AGR_CHA_2010_000000000000000_B064_OR_1</subfield>
    <subfield code="7">0</subfield>
    <subfield code="9">6413</subfield>
    <subfield code="a">LBB</subfield>
    <subfield code="b">LBB</subfield>
    <subfield code="c">B064</subfield>
    <subfield code="d">2015-09-29</subfield>
    <subfield code="o">AGR CHA 2010 B064 Or.1</subfield>
    <subfield code="p">RUA001769</subfield>
    <subfield code="r">2015-09-29</subfield>
    <subfield code="w">2015-09-29</subfield>
    <subfield code="y">AGR</subfield>
  </datafield>
  <datafield tag="952" ind1=" " ind2=" ">
    <subfield code="0">0</subfield>
    <subfield code="1">0</subfield>
    <subfield code="2">ddc</subfield>
    <subfield code="4">0</subfield>
    <subfield code="6">AGR_CHA_2010_000000000000000_B064_OR_2</subfield>
    <subfield code="7">0</subfield>
    <subfield code="9">6414</subfield>
    <subfield code="a">LBB</subfield>
    <subfield code="b">LBB</subfield>
    <subfield code="c">B064</subfield>
    <subfield code="d">2015-09-29</subfield>
    <subfield code="o">AGR CHA 2010 B064 Or.2</subfield>
    <subfield code="p">RUA001697</subfield>
    <subfield code="r">2015-09-29</subfield>
    <subfield code="w">2015-09-29</subfield>
    <subfield code="y">AGR</subfield>
  </datafield>
  <datafield tag="952" ind1=" " ind2=" ">
    <subfield code="0">0</subfield>
    <subfield code="1">0</subfield>
    <subfield code="2">ddc</subfield>
    <subfield code="4">0</subfield>
    <subfield code="6">AGR_CHA_2010_000000000000000_B064_OR_3</subfield>
    <subfield code="7">0</subfield>
    <subfield code="9">6415</subfield>
    <subfield code="a">LBB</subfield>
    <subfield code="b">LBB</subfield>
    <subfield code="c">B064</subfield>
    <subfield code="d">2015-09-29</subfield>
    <subfield code="o">AGR CHA 2010 B064 Or.3</subfield>
    <subfield code="p">RUA001984</subfield>
    <subfield code="r">2015-09-29</subfield>
    <subfield code="w">2015-09-29</subfield>
    <subfield code="y">AGR</subfield>
  </datafield>
  <datafield tag="952" ind1=" " ind2=" ">
    <subfield code="0">0</subfield>
    <subfield code="1">0</subfield>
    <subfield code="2">ddc</subfield>
    <subfield code="4">0</subfield>
    <subfield code="6">AGR_CHA_2010_000000000000000_B064_OR_4</subfield>
    <subfield code="7">0</subfield>
    <subfield code="9">6416</subfield>
    <subfield code="a">LBB</subfield>
    <subfield code="b">LBB</subfield>
    <subfield code="c">B064</subfield>
    <subfield code="d">2015-09-29</subfield>
    <subfield code="l">1</subfield>
    <subfield code="o">AGR CHA 2010 B064 Or.4</subfield>
    <subfield code="p">RUA001906</subfield>
    <subfield code="r">2023-04-06</subfield>
    <subfield code="s">2023-03-22</subfield>
    <subfield code="w">2015-09-29</subfield>
    <subfield code="y">AGR</subfield>
  </datafield>
  <datafield tag="952" ind1=" " ind2=" ">
    <subfield code="0">0</subfield>
    <subfield code="1">0</subfield>
    <subfield code="2">ddc</subfield>
    <subfield code="4">0</subfield>
    <subfield code="6">AGR_CHA_2010_000000000000000_B064_OR_5</subfield>
    <subfield code="7">0</subfield>
    <subfield code="9">6417</subfield>
    <subfield code="a">LBB</subfield>
    <subfield code="b">LBB</subfield>
    <subfield code="c">B064</subfield>
    <subfield code="d">2015-09-29</subfield>
    <subfield code="o">AGR CHA 2010 B064 Or.5</subfield>
    <subfield code="p">RUA001978</subfield>
    <subfield code="r">2015-09-29</subfield>
    <subfield code="w">2015-09-29</subfield>
    <subfield code="y">AGR</subfield>
  </datafield>
  <datafield tag="952" ind1=" " ind2=" ">
    <subfield code="0">0</subfield>
    <subfield code="1">0</subfield>
    <subfield code="2">ddc</subfield>
    <subfield code="4">0</subfield>
    <subfield code="6">AGR_CHA_2010_000000000000000_B064_OR_6</subfield>
    <subfield code="7">0</subfield>
    <subfield code="9">6418</subfield>
    <subfield code="a">LBB</subfield>
    <subfield code="b">LBB</subfield>
    <subfield code="c">B064</subfield>
    <subfield code="d">2015-09-29</subfield>
    <subfield code="o">AGR CHA 2010 B064 Or.6</subfield>
    <subfield code="p">RUA001626</subfield>
    <subfield code="r">2015-09-29</subfield>
    <subfield code="w">2015-09-29</subfield>
    <subfield code="y">AGR</subfield>
  </datafield>
  <datafield tag="952" ind1=" " ind2=" ">
    <subfield code="0">0</subfield>
    <subfield code="1">0</subfield>
    <subfield code="2">ddc</subfield>
    <subfield code="4">0</subfield>
    <subfield code="6">AGR_CHA_2010_000000000000000_B064_OR_7</subfield>
    <subfield code="7">0</subfield>
    <subfield code="9">6419</subfield>
    <subfield code="a">LBB</subfield>
    <subfield code="b">LBB</subfield>
    <subfield code="c">B064</subfield>
    <subfield code="d">2015-09-29</subfield>
    <subfield code="o">AGR CHA 2010 B064 Or.7</subfield>
    <subfield code="p">RUA017807</subfield>
    <subfield code="r">2015-09-29</subfield>
    <subfield code="w">2015-09-29</subfield>
    <subfield code="y">AGR</subfield>
  </datafield>
  <datafield tag="952" ind1=" " ind2=" ">
    <subfield code="0">0</subfield>
    <subfield code="1">0</subfield>
    <subfield code="2">ddc</subfield>
    <subfield code="4">0</subfield>
    <subfield code="6">AGR_CHA_2010_000000000000000_B064_OR_8</subfield>
    <subfield code="7">0</subfield>
    <subfield code="9">6420</subfield>
    <subfield code="a">LBB</subfield>
    <subfield code="b">LBB</subfield>
    <subfield code="c">B064</subfield>
    <subfield code="d">2015-09-29</subfield>
    <subfield code="o">AGR CHA 2010 B064 Or.8</subfield>
    <subfield code="p">RUA017879</subfield>
    <subfield code="r">2015-09-29</subfield>
    <subfield code="w">2015-09-29</subfield>
    <subfield code="y">AGR</subfield>
  </datafield>
  <datafield tag="952" ind1=" " ind2=" ">
    <subfield code="0">0</subfield>
    <subfield code="1">0</subfield>
    <subfield code="2">ddc</subfield>
    <subfield code="4">0</subfield>
    <subfield code="6">AGR_CHA_2010_000000000000000_B064_OR_9</subfield>
    <subfield code="7">0</subfield>
    <subfield code="9">6421</subfield>
    <subfield code="a">LBB</subfield>
    <subfield code="b">LBB</subfield>
    <subfield code="c">B064</subfield>
    <subfield code="d">2015-09-29</subfield>
    <subfield code="o">AGR CHA 2010 B064 Or.9</subfield>
    <subfield code="p">RUA017951</subfield>
    <subfield code="r">2015-09-29</subfield>
    <subfield code="w">2015-09-29</subfield>
    <subfield code="y">AGR</subfield>
  </datafield>
  <datafield tag="952" ind1=" " ind2=" ">
    <subfield code="0">0</subfield>
    <subfield code="1">0</subfield>
    <subfield code="2">ddc</subfield>
    <subfield code="4">0</subfield>
    <subfield code="6">AGR_CHA_2010_000000000000000_B064_OR_10</subfield>
    <subfield code="7">0</subfield>
    <subfield code="9">6422</subfield>
    <subfield code="a">LBB</subfield>
    <subfield code="b">LBB</subfield>
    <subfield code="c">B064</subfield>
    <subfield code="d">2015-09-29</subfield>
    <subfield code="o">AGR CHA 2010 B064 Or.10</subfield>
    <subfield code="p">RUA017600</subfield>
    <subfield code="r">2015-09-29</subfield>
    <subfield code="w">2015-09-29</subfield>
    <subfield code="y">AGR</subfield>
  </datafield>
</record>
